Southville International School and Colleges
Your cart is empty.
  • Cart
  • Lists
    Public lists Eva Luna New books Lux_list list_1
    Your lists Log in to create your own lists
  • Log in to your account
  • Your cookies
  • Search history
Southville International School and Colleges
  • Advanced search
  • Recent comments
  • Most popular
  • Libraries

Log in to your account

Log in with GOOGLE


If you do not have an external account, but do have a local account, you can still log in:

  1. Home
  2. MARC view: The ideological origins of the American Revolution /
Normal view MARC view ISBD view

The ideological origins of the American Revolution / (Record no. 8850)

[ view plain ]
MARC details
000 -LEADER
fixed length control field 00829cam a22002651 4500
001 - CONTROL NUMBER
control field 4535448
003 - CONTROL NUMBER IDENTIFIER
control field SISC
005 - DATE AND TIME OF LATEST TRANSACTION
control field 20160322153955.0
008 - FIXED-LENGTH DATA ELEMENTS--GENERAL INFORMATION
fixed length control field 710924s1967 mau 000 0 eng
010 ## - LIBRARY OF CONGRESS CONTROL NUMBER
LC control number 67013252
020 ## - INTERNATIONAL STANDARD BOOK NUMBER
International Standard Book Number 0674443012
040 ## - CATALOGING SOURCE
Original cataloging agency DLC
Transcribing agency DLC
Modifying agency DLC
043 ## - GEOGRAPHIC AREA CODE
Geographic area code n-us---
050 00 - LIBRARY OF CONGRESS CALL NUMBER
Classification number JA 84.U5
Item number .B3 1967
082 00 - DEWEY DECIMAL CLASSIFICATION NUMBER
Classification number HS 320.5
Item number B15 1967
100 1# - MAIN ENTRY--PERSONAL NAME
Personal name Bailyn, Bernard.
9 (RLIN) 11482
245 14 - TITLE STATEMENT
Title The ideological origins of the American Revolution /
Statement of responsibility, etc Bernard Bailyn.
260 ## - PUBLICATION, DISTRIBUTION, ETC. (IMPRINT)
Place of publication, distribution, etc Cambridge,
Name of publisher, distributor, etc Belknap Press of Harvard University Press,
Date of publication, distribution, etc c1967.
300 ## - PHYSICAL DESCRIPTION
Extent 335 p. :
Dimensions 20 cm.
650 #0 - SUBJECT ADDED ENTRY--TOPICAL TERM
Topical term or geographic name as entry element Political science
Geographic subdivision United States
General subdivision History.
9 (RLIN) 11483
651 #0 - SUBJECT ADDED ENTRY--GEOGRAPHIC NAME
Geographic name United States
General subdivision History
Chronological subdivision Revolution, 1775-1783.
9 (RLIN) 11484
906 ## - LOCAL DATA ELEMENT F, LDF (RLIN)
a 7
b cbc
c orignew
d u
e ocip
f 19
g y-gencatlg
942 ## - ADDED ENTRY ELEMENTS (KOHA)
Source of classification or shelving scheme Library of Congress Classification
Koha item type Books
Holdings
Withdrawn status Lost status Source of classification or shelving scheme Damaged status Home library Current library Shelving location Date acquired Total Checkouts Full call number Barcode Date last seen Copy number Price effective from Koha item type
    Library of Congress Classification   Luxembourg Library Luxembourg Library High School Section 08/16/2013   JA 84.U5 .B3 1967 9733 03/22/2016 1 08/16/2013 Books

The ideological origins of the American Revolution /

APA

Bailyn B., . (1967). The ideological origins of the American Revolution. Cambridge: Belknap Press of Harvard University Press.

Chicago

Bailyn Bernard, . 1967. The ideological origins of the American Revolution. Cambridge: Belknap Press of Harvard University Press.

Harvard

Bailyn B., . (1967). The ideological origins of the American Revolution. Cambridge: Belknap Press of Harvard University Press.

MLA

Bailyn Bernard, . The ideological origins of the American Revolution. Cambridge: Belknap Press of Harvard University Press. 1967.

  • Place hold
  • Print
  • Cite
  • Add to your cart (remove)
  • Save record
    BIBTEX Dublin Core MARCXML MARC (non-Unicode/MARC-8) MARC (Unicode/UTF-8) MARC (Unicode/UTF-8, Standard) MODS (XML) RIS
  • More searches
    Search for this title in:
    Other Libraries (WorldCat) Other Databases (Google Scholar) Online Stores (Bookfinder.com) Open Library (openlibrary.org)

Exporting to Dublin Core...

SOUTHVILLE LIBRARY

Southville International School and Colleges Library

1281 Tropical Ave. Cor. Luxembourg St., BF Homes International, Las Pinas City

Tel. No. 8256374 / 252358 Loc. 117/146

Powered by Koha